000 00682nas a2200205 4500
005 20260512125709.0
008 260507d20002000porcu|p g||| 00| z0por d
040 _cBR-ViAPE
110 _aA Gazeta
245 _aA Gazeta Viva com Qualidade
260 _aVitória
_bA Gazeta
_c2000-2000
300 _bil.
_av.
310 _aSemanal
362 _aAno 1, n.1 (mar. 2000) - Ano 1, n. 10 (mai. 2000).
500 _aDisponibilizada apenas a imagem da capa na versão digital, em virtude de restrições de direitos autorais
650 _aPromoção da Saúde
_xQualidade de Vida
_xModa
_xFamília
651 _aEspírito Santo
_vPeriódicos
710 _aA Gazeta
942 _2ddc
_n1
_cPER
999 _c596
_d596